Statistics for WWE Move Match

Click here to take the quiz!

General Stats

  • This quiz has been taken 539 times
    (511 since last reset)
  • The average score is 12 of 15

Answer Stats

HintAnswer% Correct
attitude adjustmentjohn cena
98%
go to sleepcm punk
97%
YES! lockdaniel bryan
97%
rock bottomthe rock
95%
tombstone piledriverundertaker
94%
zig zagdolph ziggler
93%
chokeslamkane
88%
RKOrandy orton
87%
cross rhodescody rhodes
85%
619rey mysterio
82%
sweet chin musicshawn michaels
80%
weapon of mass destructionbig show
61%
ah, funk itbrodus clay
41%
future shockdrew mcintyre
41%
camel clutchjinder mahal
21%

Score Distribution

Percentile by Number Answered

Percent of People with Each Score

Your Score History

You have not taken this quiz since the last reset